The structure of arguments (Record no. 31087)
[ view plain ]
| 000 -LEADER | |
|---|---|
| fixed length control field | 01380nam a22003494a 4500 |
| 082 04 - DEWEY DECIMAL CLASSIFICATION NUMBER | |
| Classification number | 168 |
| 100 1# - MAIN ENTRY--AUTHOR NAME | |
| Personal name | Schlesinger, I. M. |
| 245 14 - TITLE STATEMENT | |
| Title | The structure of arguments |
| 260 ## - PUBLICATION, DISTRIBUTION, ETC. (IMPRINT) | |
| Place of publication | Amsterdam ; |
| -- | Philadelphia : |
| Name of publisher | J. Benjamins Pub., |
| Year of publication | c2001. |
| 300 ## - PHYSICAL DESCRIPTION | |
| Number of Pages | xix, 263 p. : |
| Other physical details | ill. |
| 490 1# - SERIES STATEMENT | |
| Series statement | Human cognitive processing, |
| 650 #0 - SUBJECT ADDED ENTRY--TOPICAL TERM | |
| Topical Term | Persuasion (Rhetoric) |
| Topical Term | Reasoning. |
| 700 1# - ADDED ENTRY--PERSONAL NAME | |
| Personal name | Keren-Portnoy, Tamar. |
| Personal name | Parush, Tamar. |
| 856 40 - ELECTRONIC LOCATION AND ACCESS | |
| Uniform Resource Identifier | http://site.ebrary.com/lib/rucke/Doc?id=10014714 |
No items available.
